000 00645nam a2200193Ia 4500
008 090124s9999 xx 000 0 und d
082 _b122073
100 _aगाडगीळ भा.ग.
245 _a लॉर्ड ऑफ दी फ्लाईज
250 _a1
260 _c1987
300 _a197
600 _aगाडगीळ भा.ग.
630 _a लॉर्ड ऑफ दी फ्लाईज
700 _aकुलकर्णी जी.ए.(गुरुनाथ आबाजी )
700 _aगाडगीळ भा.ग.
730 _a लॉर्ड ऑफ दी फ्लाईज
942 _cBOOK
999 _c168159
_d168159